| 000 | 00801nam a2200241 i 4500 | ||
|---|---|---|---|
| 001 | 80849 | ||
| 003 | ES-MaACL | ||
| 005 | 20250911062645.0 | ||
| 007 | t| | ||
| 008 | 041029s1960 sp ||||1| spa d | ||
| 100 | 1 |
_aHoria, Vintila ( _d1915-1992) _964193 |
|
| 245 | 1 | 0 |
_aDios ha nacido en el exilio _b: diario de Ovidio en Tomis / _cVintila Horia ; prefacio de Daniel Rops ; [traducción del francés por Rafael Vázquez Zamora]. |
| 250 | _a[1ª ed.]. | ||
| 260 |
_aBarcelona : _bDestino, _c[1960] |
||
| 300 |
_a237 p. ; _c18 cm. |
||
| 490 | 1 |
_aAncora y Delfin ; _v189 |
|
| 700 | 0 |
_aDaniel-Rops. _942631 |
|
| 700 | 1 |
_aVázquez Zamora, Rafael, _d1911-1972 _9113498 |
|
| 830 | 0 | 0 |
_aÁncora y Delfín _v189 _9151298 |
| 852 |
_aES-MaACL _jE-2489 _bR.47233 |
||
| 942 | _2udc | ||
| 999 |
_c80849 _d80849 |
||